| 000 | 03036am aa2200469i 44500 | ||
|---|---|---|---|
| 003 | PE-LiUPU | ||
| 005 | 20251126110955.0 | ||
| 008 | 2311s2023 sp#a rb 001 0 spa d | ||
| 020 |
_a9788413827612 _q(versión impresa) |
||
| 035 | _aPE-LiUPU000061 | ||
| 040 |
_aPE-LiUPU _bspa _cPE-LiUPU _erda |
||
| 041 | 1 |
_aspa _heng |
|
| 082 | 0 | 4 |
_a610.7301 _bN176d _223 |
| 110 | 2 |
_aNANDA International, Inc., _eautor institucional. |
|
| 245 | 1 | 0 |
_aDiagnósticos enfermeros : _bdefiniciones y clasificación, 2024–2026 / _ceditado por T. Heather Herdman, Shigemi Kamitsuru y Camila Takáo Lopes. |
| 250 | _aDecimotercera edición. | ||
| 264 | 1 |
_aBarcelona : _bElsevier España, S.L.U., _c2023. |
|
| 300 |
_a711 páginas : _bilustraciones, tablas ; _c27 cm. |
||
| 336 |
_atexto _btxt _2rdacontent |
||
| 337 |
_asin mediación _bn _2rdamedia |
||
| 338 |
_avolumen _bnc _2rdacarrier |
||
| 500 | _aTraducción de la obra original inglesa: Nursing Diagnoses: Definitions and Classification, 2024–2026. | ||
| 500 | _aIncluye referencias bibliográficas e índice al final. | ||
| 500 | _aDepósito legal: B.19.060-2024. | ||
| 504 | _aContiene bibliografía actualizada y recursos en línea. | ||
| 505 | 0 | _aParte I. La clasificación de NANDA Internacional: valoración y diagnóstico -- Parte II. La clasificación de NANDA Internacional: estructura y diagnósticos -- Parte III. La clasificación de NANDA Internacional: qué hay de nuevo y recomendaciones para el futuro -- Parte IV Los diagnósticos enfermeros de NANDA Internacional: Promoción de la salud; Nutrición; Eliminación e intercambio ; Actividad/reposo ; Percepción/cognición ; Autopercepción ; Rol/relaciones ; Sexualidad ; Afrontamiento/tolerancia al estrés ; Principios vitales ; Seguridad/protección ; Confort ; Crecimiento/desarrollo -- Índice. | |
| 520 | _aReferencia oficial de NANDA International que proporciona las definiciones, dominios y clasificación de los diagnósticos enfermeros reconocidos internacionalmente para el trienio 2024–2026. Incluye diagnósticos revisados, nuevos indicadores y criterios de evidencia para la práctica enfermera basada en la evidencia. | ||
| 546 | _aTexto en español, traducido del inglés. | ||
| 610 | 2 | 4 |
_aNANDA International _xNormas _97599 |
| 650 | 1 | 4 |
_aDiagnóstico de enfermería _97514 |
| 650 | 2 | 4 |
_aProceso de enfermería _97674 |
| 650 | 2 | 4 |
_aEnfermería _xClasificación _97675 |
| 655 | 7 |
_aObras de referencia _2rdfs |
|
| 700 |
_aHerdman, T. Heather, _eeditora. _97516 |
||
| 700 |
_aKamitsuru, Shigemi, _eeditora. _97517 |
||
| 700 |
_aLopes, Camila Takáo, _eeditora. _97518 |
||
| 700 |
_aEspinosa i Fresnedo, Carme, _etraductora. _97519 |
||
| 710 |
_aNANDA International, _eentidad responsable. _97599 |
||
| 856 | 4 | 0 |
_uhttps://www.elsevier.es/es/libro/diagnosticos-enfermeros-definiciones-y-clasificacion-2024-2026-9788413827612 _zAcceso al sitio web oficial de la editorial. |
| 942 |
_2ddc _cBK |
||
| 980 |
_621515 _aROMINA COBOS Adquisiciones _818226 _gJaime Vilcazán Jefe de Análisis Documental |
||
| 999 |
_c63141 _d63140 |
||